Circuit Theory (Record no. 3306)

MARC details
000 -LEADER
fixed length control field 00331nam a2200145Ia 4500
003 - CONTROL NUMBER IDENTIFIER
control field OSt
008 - FIXED-LENGTH DATA ELEMENTS--GENERAL INFORMATION
fixed length control field 191201s1985 xx 000 0 und d
082 ## - DEWEY DECIMAL CLASSIFICATION NUMBER
Classification number 621.3192
Item number IYC
100 ## - MAIN ENTRY--PERSONAL NAME
Personal name IYER,T.S.K.V.
245 #0 - TITLE STATEMENT
Title Circuit Theory
260 ## - PUBLICATION, DISTRIBUTION, ETC. (IMPRINT)
Place of publication, distribution, etc New Delhi
Name of publisher, distributor, etc Tata McGraw Hill
Date of publication, distribution, etc 1985
300 ## - PHYSICAL DESCRIPTION
Extent 520
650 ## - SUBJECT ADDED ENTRY--TOPICAL TERM
Topical term or geographic name as entry element Applied
942 ## - ADDED ENTRY ELEMENTS (KOHA)
Source of classification or shelving scheme Dewey Decimal Classification
Koha item type Text Books
Holdings
Withdrawn status Lost status Source of classification or shelving scheme Damaged status Not for loan Collection code Home library Current library Date acquired Source of acquisition Cost, normal purchase price Bill Number Total Checkouts Full call number Acc. no. / Barcode Date last seen Bill Date Koha item type
    Dewey Decimal Classification     B.Tech(ECE) PIET C-LIBRARY PIET C-LIBRARY 09/10/2007 J B C, New Delhi 299.00 1134   621.3192 IYC 8464 04/12/2019 29/09/2007 Text Books
    Dewey Decimal Classification     B.Tech(ECE) PIET C-LIBRARY PIET C-LIBRARY 09/10/2007 J B C, New Delhi 299.00 1134   621.3192 IYC 8465 04/12/2019 29/09/2007 Text Books
    Dewey Decimal Classification     B.Tech(ECE) PIET C-LIBRARY PIET C-LIBRARY 09/10/2007 J B C, New Delhi 299.00 1134   621.3192 IYC 8466 04/12/2019 29/09/2007 Text Books
    Dewey Decimal Classification     B.Tech(ECE) PIET C-LIBRARY PIET C-LIBRARY 09/10/2007 J B C, New Delhi 299.00 1134   621.3192 IYC 8467 04/12/2019 29/09/2007 Text Books
    Dewey Decimal Classification     B.Tech(ECE) PIET C-LIBRARY PIET C-LIBRARY 09/10/2007 J B C, New Delhi 299.00 1134   621.3192 IYC 8468 04/12/2019 29/09/2007 Reference Books

Design & Developed by: PIET Central Library
R70 Miles Stone Pattikalyana Samalkha Panipat 132102
mail ID :- [email protected], Phone No:- 0180-2569700 Ex.216